An Externalist Approach to Epistemic Responsibility Intellectual Norms and their Application to Epistemic Peer Disagreement /

This monograph provides a novel reliabilist approach to epistemic responsibility assessment. The author presents unique arguments for the epistemic significance of belief-influencing actions and omissions. She grounds her proposal in indirect doxastic control. The book consists of four chapters. The...

Full description

Bibliographic Details
Main Author: Robitzsch, Andrea (Author, http://id.loc.gov/vocabulary/relators/aut)
Corporate Author: SpringerLink (Online service)
Format: Electronic eBook
Language:English
Published: Cham : Springer International Publishing : Imprint: Springer, 2019.
Edition:1st ed. 2019.
Series:Synthese Library, Studies in Epistemology, Logic, Methodology, and Philosophy of Science ; 411
Subjects:
Online Access:Full Text via HEAL-Link
LEADER 04121nam a2200565 4500
001 978-3-030-19077-4
003 DE-He213
005 20191026081137.0
007 cr nn 008mamaa
008 190621s2019 gw | s |||| 0|eng d
020 |a 9783030190774  |9 978-3-030-19077-4 
024 7 |a 10.1007/978-3-030-19077-4  |2 doi 
040 |d GrThAP 
050 4 |a BD143-237 
072 7 |a HPK  |2 bicssc 
072 7 |a PHI004000  |2 bisacsh 
072 7 |a QDTK  |2 thema 
082 0 4 |a 120  |2 23 
100 1 |a Robitzsch, Andrea.  |e author.  |4 aut  |4 http://id.loc.gov/vocabulary/relators/aut 
245 1 3 |a An Externalist Approach to Epistemic Responsibility  |h [electronic resource] :  |b Intellectual Norms and their Application to Epistemic Peer Disagreement /  |c by Andrea Robitzsch. 
250 |a 1st ed. 2019. 
264 1 |a Cham :  |b Springer International Publishing :  |b Imprint: Springer,  |c 2019. 
300 |a XIV, 227 p. 13 illus.  |b online resource. 
336 |a text  |b txt  |2 rdacontent 
337 |a computer  |b c  |2 rdamedia 
338 |a online resource  |b cr  |2 rdacarrier 
347 |a text file  |b PDF  |2 rda 
490 1 |a Synthese Library, Studies in Epistemology, Logic, Methodology, and Philosophy of Science ;  |v 411 
505 0 |a Chapter 1. Doxastic responsibility and direct doxastic control -- Chapter 2. An approach to indirect doxastic responsibility -- Chapter 3. Intellectual norms and epistemic normativity -- Chapter 4. What should we do in the face of epistemic peer disagreement?. 
520 |a This monograph provides a novel reliabilist approach to epistemic responsibility assessment. The author presents unique arguments for the epistemic significance of belief-influencing actions and omissions. She grounds her proposal in indirect doxastic control. The book consists of four chapters. The first two chapters look at the different ways in which an agent might control the revision, retention, or rejection of her beliefs. They provide a systematic overview of the different approaches to doxastic control and contain a thorough study of reasons-responsive approaches to direct and indirect doxastic control. The third chapter provides a reliabilist approach to epistemic responsibility assessment which is based on indirect doxastic control. In the fourth chapter, the author examines epistemic peer disagreement and applies her reliabilist approach to epistemic responsibility assessment to this debate. She argues that the epistemic significance of peer disagreement does not only rely on the way in which an agent should revise her belief in the face of disagreement, it also relies on the way in which an agent should act. This book deals with questions of meliorative epistemology in general and with questions concerning doxastic responsibility and epistemic responsibility assessment in particular. It will appeal to graduate students and researchers with an interest in epistemology. 
650 0 |a Epistemology. 
650 0 |a Psychology. 
650 0 |a Social sciences-Philosophy. 
650 0 |a Personality. 
650 0 |a Social psychology. 
650 0 |a Religion and sociology. 
650 1 4 |a Epistemology.  |0 http://scigraph.springernature.com/things/product-market-codes/E13000 
650 2 4 |a General Psychology.  |0 http://scigraph.springernature.com/things/product-market-codes/Y20110 
650 2 4 |a Social Philosophy.  |0 http://scigraph.springernature.com/things/product-market-codes/E43000 
650 2 4 |a Personality and Social Psychology.  |0 http://scigraph.springernature.com/things/product-market-codes/Y20050 
650 2 4 |a Religion and Society.  |0 http://scigraph.springernature.com/things/product-market-codes/1A8020 
710 2 |a SpringerLink (Online service) 
773 0 |t Springer eBooks 
776 0 8 |i Printed edition:  |z 9783030190767 
776 0 8 |i Printed edition:  |z 9783030190781 
776 0 8 |i Printed edition:  |z 9783030190798 
830 0 |a Synthese Library, Studies in Epistemology, Logic, Methodology, and Philosophy of Science ;  |v 411 
856 4 0 |u https://doi.org/10.1007/978-3-030-19077-4  |z Full Text via HEAL-Link 
912 |a ZDB-2-REP 
950 |a Religion and Philosophy (Springer-41175)